000
00237nam a2200097Ia 4500
008
220204s9999 xx 000 0 und d
082
_a
82-7
_b
WOR
245
0
_a
World's best dirty jokes
260
_a
New York
_b
Ballantine
_c
1976
942
_c
BK
999
_c
37494
_d
37494